00786nam a2200217Ia 4500001002500000003000900025008004100034040002300075041001300098100007100111245007400182250001500256260003600271300001900307490002400326500002000350501012400370520002900494700002100523700002400544241.01-IOA pa II (11470)IT-MiSPE171229s9999||||xx |||||||||||||| ||und|| aIT-MiSPEcIT-MiSPE aITALIANO aGiovanni Paolo II (Ioannes Paulus II (Karol Wojtyla))gpapa, santo 0aVeritatis splendorbTesto integrale con commento filosofico-teologico a1a ed. (v) aCinisello B.mobSan Paoloc1994 a432 p. c22 cm aSaggi teologiciv14 aTeologia morale aEdizioni San Paolo srl - Piazza Soncino, 5 - 20092 CINISELLO BALSAMO (MI) (non commercial uses only) ® Copyright 2018 aJoseph Ratzinger (pres.) aJoseph Ratzinger aRamón Lucas Lucas